00751nam a2200241 i 4500001001000000003000900010005001700019007000300036008004100039020001500080040003000095082002400125100003800149245005600187264003600243300002800279336002700307337003200334338002800366500006400394650002400458650002700482000011005DO-SdBNP20240412074222.0ta091013e1996 dr r 000 p spa d a9768156236 aDO-SdBNPbspacBNPHUerda 4aRD861.44bS211a2221 aSánchez, Roberto,d1955-qautor10aAzar de la lluvia :b1991-1992 /cRoberto Sánchez aSanto Domingo :bCocolo,c1996. a106 páginas ;c21 cm. 2rdacontentatextobtxt 2rdamediaasinmediaciónbn 2rdacarrieravolumenbnc aIncluye datos biográficos del autor en las páginas 5-6. 4aPoesía dominicana 0aLiteratura dominicana.